Die Revolution von 1848 Auswahl aus der Neuen Rheinischen Zeitung

Guardado en:
Detalles Bibliográficos
Formato: Libro
Lenguaje:alemán
Publicado: Berlin Dietz 1949
Etiquetas: Agregar Etiqueta
Sin Etiquetas, Sea el primero en etiquetar este registro!

MARC

LEADER 00000nam a2200000 4500
001 0314068
005 20260115133537.0
041 0 |a ger 
044 |a DE 
245 1 0 |a Die Revolution von 1848  |b Auswahl aus der Neuen Rheinischen Zeitung  |c Karl Marx 
264 1 |a Berlin  |b Dietz  |c 1949